Organisational behaviour (Record no. 3169)

MARC details
000 -LEADER
fixed length control field 00430nam a22001817a 4500
005 - DATE AND TIME OF LATEST TRANSACTION
control field 20180720153603.0
008 - FIXED-LENGTH DATA ELEMENTS--GENERAL INFORMATION
fixed length control field 160618b xxu||||| |||| 00| 0 eng d
020 ## - INTERNATIONAL STANDARD BOOK NUMBER
ISBN 978-0-07-007804-8
041 ## - LANGUAGE CODE
Language code of text/sound track or separate title eng
082 ## - DEWEY DECIMAL CLASSIFICATION NUMBER
Item number 8249
Classification number 658.3
100 ## - MAIN ENTRY--AUTHOR NAME
Personal name Mcshane, Steven and others
245 ## - TITLE STATEMENT
Title Organisational behaviour
250 ## - EDITION STATEMENT
Edition statement 4th ed.
260 ## - PUBLICATION, DISTRIBUTION, ETC. (IMPRINT)
Name of publisher TMH
Year of publication 2009
300 ## - PHYSICAL DESCRIPTION
Number of Pages 600p,
650 ## - SUBJECT ADDED ENTRY--TOPICAL TERM
Topical Term Management
942 ## - ADDED ENTRY ELEMENTS (KOHA)
Koha item type Books
Holdings
Lost status Damaged status Collection code Home library Current library Shelving location Date acquired Full call number Accession Number Koha item type
    MANAGEMENT JRU Library JRU Library SHELF-65-D 18/06/2016 658.3 8249 Books
    MANAGEMENT JRU Library JRU Library SHELF-65-D 18/06/2016 658.3 8250 Books
    MANAGEMENT JRU Library JRU Library SHELF-65-D 18/06/2016 658.3 8251 Books
    MANAGEMENT JRU Library JRU Library SHELF-65-D 18/06/2016 658.3 8252 Books
      JRU Library   SHELF - 15 - M 18/06/2016 658.3 8253 Books
      JRU Library   SHELF - 15 - M 18/06/2016 658.3 8254 Books
    MANAGEMENT JRU Library JRU Library SHELF-65-D 18/06/2016 658.3 8255 Books
    MANAGEMENT JRU Library JRU Library SHELF-65-D 18/06/2016 658.3 8256 Books